| 000 | 00730nam a2200289Ia 4500 | ||
|---|---|---|---|
| 005 | 20260324112626.0 | ||
| 008 | 008 260324s9999 xx 000 0 eng d | ||
| 020 | _a9781003309468 | ||
| 037 | _aEBOOK | ||
| 040 | _aCRL | ||
| 040 | _beng | ||
| 040 | _cCRL | ||
| 041 | _2eng | ||
| 041 | _aeng | ||
| 084 | _qCRL | ||
| 100 |
_aCharles Oluwaseun Adetunji; Segun Fatumo; Kingsley Nnanna Ukwaja _91143477 |
||
| 245 | 0 | _aHealth Technologies and Informatics | |
| 245 | 0 | _bResearch and Developments | |
| 260 | _bTaylor and Francis | ||
| 260 | _c2024 | ||
| 365 | _a | ||
| 365 | _b260 | ||
| 856 | _uhttp://www.taylorfrancis.com/books/9781003309468 | ||
| 942 | _cEBOOK | ||
| 999 |
_c1732749 _d1732749 |
||